000 01345nam2a22002531 4500
001 RU\NLR\INFOCOMM16\1000044019
005 20250617044103.0
035 _a(NLR Aleph) 002455969
090 _a2207672
_c2207672
100 _a20040316d1963 |||y0rusy50 ca
101 0 _arus
102 _aRU
105 _ay |||||||||
200 1 _aРаспределение радио-изотопов по основным компонентам пресноводных водоемов
_fЕ.А. Тимофеева-Ресовская
210 _d1963
_aБ. м.
461 0 _1001RU\NLR\INFOCOMM16\1000043990
_12001#$aТруды Института экологии растений и животных$fАН СССР. Уральский филиал$vВып.30
_92207493
_aИнститут экологии растений и животных (Свердловск)
_cСвердловск
_d1946-
_fАН СССР. Уральский филиал
_tТруды Института экологии растений и животных
_vВып.30
700 1 _4070
_7ca
_8rus
_aТимофеева-Ресовская
_bЕ. А.
_f1898-1973
_gЕлена Александровна
_9246732
_3RU\NLR\AUTH\770246788
801 1 _aRU
_bInfoComm
_c20040316
801 0 _aRU
_bNLR
_gPSBO
852 _aNLR
_jП7/411
942 _cISSUE
980 _aNB
980 _aRUSPER